000 00517cam a22001932 4500
001 0000004349
005 20170406115744.0
008 140910s xx 000 0 eng d
020 _c$
040 _aYour Holding Symbol
_cYour Holding Symbol
100 1 _aMaugham.Somerset.W.
245 1 4 _aThe complete short stories.
250 _a ed.
260 _aLondon :
_bWilliam,
_c1951.
300 _a528 p. ;
_c cm.
650 0 _afiction.
908 _a140910
999 _c4180
_d4180